000 00542nam a22001817a 4500
005 20251108174839.0
008 250721s2009 xx 000 0 ara d
082 1 4 _a947.52/نات
100 1 _aناتخو، اسحق
_eمؤلف
245 1 0 _aالتاريخ الشركسي /
264 1 _aعمان :
_bدار ورد الأردنية للنشر،
_c2009.
300 _a614ص.
650 1 7 _aأوروبا الشرقية
650 1 7 _aالجراكسة
700 1 _aأزوقة، محمد
_eمترجم
942 _2ddc
_cBK
999 _c119638
_d119638